MDQL
is popping MORE tags! Check the
thread
!
Quizzes
Events
Quiz Creation
Community
Videos
Private Events
Remove Ads
Sign In
Join for FREE
Feedback
Dark Mode
Quiz Categories
Sports
Geography
Music
Movies
Television
Just For Fun
Miscellaneous
History
Literature
Language
Science
Gaming
Entertainment
Religion
Holiday
For Kids
Quiz Lab
Recent
Popular Today
Quiz Kudos Today
Editor Picks
Curator Picks
Quizzes by...
Day
Popularity
Type
Ratings
Length
Year
Community
Subscriptions
Recent Discussions
Orange Saloon
Badges
Playlists
Quests
Create
Leaderboards
Showdown
Live 5
Trivia Bingo
Activity
Puzzle Library
Sporcle Events
Private Events
Virtual Trivia
Globe League
Become a Host
Pub Owners
SporcleCon
Opinionation
Our Games
Videos
Blog
Mobile Apps
Partnerships
Remove Ads and Go Orange
Feedback
Literature
Harry Potter
A Song of Ice and Fire
The Hunger Games
Literary Character
Shakespeare
Book
Author
Novel
Poem
Young Adult
Children's Books
Play
Lord of the Rings
Literature
Harry Potter
A Song of Ice and Fire
The Hunger Games
Literary Character
Shakespeare
Book
Author
Novel
Poem
Young Adult
Children's Books
Play
Lord of the Rings
Random Quiz
Search Sporcle
×
Curator Pick
Curator Pick
Literature
Clickable
Select answers by clicking on text or image buttons
Select answers by clicking on text or image buttons
Clickable
Best Score? Go Orange.
ASOIAF characters by betrayal Stats
Can you pick the ASOIAF characters who committed these acts of betrayal and treachery?
By
Enjay
7m
30 Questions
7,521 Plays
7,521 Plays
7,521 Plays
Comments
Comments
Give Quiz Kudos
Give Quiz Kudos
-
- Ratings
hide this ad
More Info
Forced Order
Answers have to be entered in order
Answers have to be entered in order
Replay
Link that replays current quiz
Next Quiz
Link to next quiz in quiz playlist
You Got
0%
They Got
Avg Score
87%
Avg Friend Score
Upgrade to see
Score Distribution
Jump to the score distribution portion of the page
Score
0/30
Timer
07:00
1
Play Today
% Correct
Catelyn Stark
94.6%
Jorah Mormont
94.5%
Jaime Lannister
94.4%
Khal Drogo
94.4%
Daenerys Targaryen
94.3%
Jon Snow
94.3%
Robb Stark
94.3%
Walder Frey
93.9%
Jaime Lannister
93.8%
Petyr Baelish
93.6%
Cersei Lannister
93%
Sansa Stark
93%
Theon Greyjoy
92.8%
Joffrey Baratheon
92.2%
Tyrion Lannister
92.1%
% Correct
Petyr Baelish
91.5%
Shae
91.1%
Daario Naharis
91.1%
Varys
90.4%
Petyr Baelish
89.9%
Mirri Maz Duur
89.1%
Roose Bolton
87.2%
Osney Kettleblack
81.4%
The alchemist
79.8%
Arys Oakheart
77.1%
Bowen Marsh
76.5%
Brown Ben Plumm
74.4%
Ollo Lophand
70.4%
Gerold Dayne
69.7%
Aurane Waters
69.6%
Quiz Playlist
Details
Report
Send in Message
Add To Playlist
More Info:
Based on the book series. SPOILERS for all five books!
Clickable:
Select answers by clicking on text or image buttons
Forced Order:
Answers have to be entered in order
Last Updated: Feb 16, 2017
Curator Pick in
A Song of Ice and Fire
Quiz Scoreboard
CHALLENGE
Sign Up to Join the Scoreboard
Show All
Scores
Hide
Comments
May contain spoilers
Recently Published
1-10 Letter E Words III
by El_Dandy
Language
2m
Street Fighter Characters
by Artimus82
Gaming
60s
College Basketball Coaching Resumes
by pancakes188
Sports
9m
More to Explore
Quiz From the Vault
Featured Blog Post
Where Did the Easter Bunny Come From?
hide this ad
You Might Also Like...
Tags
A Song of Ice and Fire Quiz
Clickable Quiz
Act
asoiaf
Character
Committed
Game of Thrones
Today's Top Quizzes in Literature
Browse Literature
hide this ad
Today's Top Quizzes in Clickable
Browse Clickable
Top Contributed Quizzes in Literature
1
Sneaky Slytherin Logic Puzzle
2
Get The Picture: Black or White Literature
3
5-to-1: Plays
4
A Court of Thorns and Roses (ACoTaR) Logic Puzzle
5
One Thing in Common: Literature
6
One Thing in Common: Literature II
7
One Thing in Common: Books
8
One Thing in Common: Literature 3
9
'Middle' Earth
10
Harry Potter Neighbourly Logic Puzzle #1
Explore More
Trending Topics
Harry Potter
NBA
Disney
Kpop
Marvel
Crossword
Anime
Pokémon
NFL
Song
Soccer
WWE
Country
The Office
Puzzle
hide this ad
More By:
Enjay
Quiz
Plays
Rating
Category
Featured
Created
ASOIAF characters by betrayal
7,521
4.77
Literature
Jul 4, 2013
Follow That Line: Green Wing
784
4.69
Television
Jul 5, 2013
Animal sounds in foreign languages
193
4.00
Language
Aug 23, 2010
Real title-including quotes
101
4.50
Movies
Dec 18, 2012
Edinburgh Comedy Award Winners 1981-2010
44
Entertainment
Sep 9, 2010
Go to Creator's Profile
Score Distribution
Quiz Creator Spotlight
Enjay
Follow
Send a Message
Quizzes Created
-
Created Quiz Play Count
-
More By This Creator
Popular Quizzes Today
1
Find the US States - No Outlines Minefield
2
Find the Countries of Europe - No Outlines Minefield
3
The Countries of the World
4
Find the US States
5
Risky Map Clicking: Biggest States A-Z
6
US States
7
Popular People in 1961
8
Movies - When Are They Set?
More Literature Quizzes
Finish the Dr. Seuss Books
Published
Trending Quizzes
Risky Map Clicking: Least Populous States A-Z
Billboard Blitz: Aretha Franklin
1-10 Letter G Words
Countries of the World: 200 Million BC
1-10 Letter F Words
Recently Updated
Leaping Animals
pecheneg
Reality TV Shows (A-Z)
bhenderson79
Rickey Henderson's Hall of Fame Teammates
pecheneg
Champions League XIs: Arsenal
pecheneg
Quick Pick: Celebrities in WWE's Hall of Fame
aduchscher
A-Z Keypad Blitz II
pecheneg
Multiple Oscar Actors
pecheneg
Mystery Phrase Blitz: Oscar 'Best Actors'
pecheneg
F. Scott Fitzgerald Novels
LTH
Pick 3 Villains
ddd62291
Trending Topics
Disney
Anime
Crossword
NBA
Marvel
Harry Potter
Kpop
Puzzle
Pokémon
Song
WWE
The Office
Soccer
NFL
Country
Your Account Isn't Verified!
In order to create a playlist on Sporcle, you need to verify the email address you used during registration. Go to your
Sporcle Settings
to finish the process.
Report this User
Report this user for behavior that violates our
Community Guidelines
.
Details:
Send Report
Go to the Sporcle.com Mobile Site →
Comments